ბათუმის შოთა რუსთაველის სახელმწიფო უნივერსიტეტის ბიბლიოთეკა

მეღორეობა (ბიბ.ჩანაწერი № 45014)

000 -LEADER
fixed length control field 01091nam a2200229Ia 4500
001 - CONTROL NUMBER
control field 11835
003 - CONTROL NUMBER IDENTIFIER
control field GE_BSU
008 - FIXED-LENGTH DATA ELEMENTS--GENERAL INFORMATION
fixed length control field 181216s||||||||xx |||||||||||||| ||und||
040 ## - CATALOGING SOURCE
Transcribing agency GE_BSU
080 ## - UNIVERSAL DECIMAL CLASSIFICATION NUMBER
Universal Decimal Classification number 636.4(075.32)+331.362.1
245 ## - TITLE STATEMENT
Title მეღორეობა
245 ## - TITLE STATEMENT
Remainder of title სოფლის მეურნ. 2 თანრიგის ოსტატთა მოსაპოვებლად. სამწლიანი აგროზოოტექნიკური კურსები. სწავლების მეორე წელი
245 ## - TITLE STATEMENT
Statement of responsibility, etc. რედ.პროფ.პ.ნ. კუდრიავცევის. რედ. ი.პოპიაშვილი
250 ## - EDITION STATEMENT
Edition statement 2 რუსული გამოცემიდან
260 ## - PUBLICATION, DISTRIBUTION, ETC.
Place of publication, distribution, etc. თბილისი
260 ## - PUBLICATION, DISTRIBUTION, ETC.
Name of publisher, distributor, etc. სახელგამი
260 ## - PUBLICATION, DISTRIBUTION, ETC.
Date of publication, distribution, etc. 1955
300 ## - PHYSICAL DESCRIPTION
Extent 382გვ.22სმ.
653 ## - INDEX TERM--UNCONTROLLED
Uncontrolled term მეღორეობა
653 ## - INDEX TERM--UNCONTROLLED
Uncontrolled term სოფლის მეურნ. 2 თანრიგის ოსტატთა მოსაპოვებლად
942 ## - ADDED ENTRY ELEMENTS (KOHA)
Koha item type წიგნი
ეგზემპლარები
Withdrawn status Lost status Damaged status Not for loan Date acquired Barcode Date last seen Price effective from Koha item type
        2018-12-17 20346 2018-12-17 2018-12-17 წიგნი
        2018-12-17 20347 2018-12-17 2018-12-17 წიგნი